Commerce of the Prairies; (Record no. 51742)
[ view plain ]
| 000 -LEADER | |
|---|---|
| fixed length control field | 00952cam a22002771 4500 |
| 001 - CONTROL NUMBER | |
| control field | rc 01000176 |
| 003 - CONTROL NUMBER IDENTIFIER | |
| control field | DLC |
| 005 - DATE AND TIME OF LATEST TRANSACTION | |
| control field | 20260227111859.0 |
| 008 - FIXED-LENGTH DATA ELEMENTS--GENERAL INFORMATION | |
| fixed length control field | 800528s1850 xx abf 000 0aeng |
| 010 ## - LIBRARY OF CONGRESS CONTROL NUMBER | |
| LC control number | rc 01000176 |
| 035 ## - SYSTEM CONTROL NUMBER | |
| System control number | (OCoLC)6367168 |
| 040 ## - CATALOGING SOURCE | |
| Original cataloging agency | DLC |
| Transcribing agency | OkTU |
| Modifying agency | DLC |
| 043 ## - GEOGRAPHIC AREA CODE | |
| Geographic area code | n-us-nm |
| 050 00 - LIBRARY OF CONGRESS CALL NUMBER | |
| Classification number | F786 |
| Item number | .G82 |
| 050 00 - LIBRARY OF CONGRESS CALL NUMBER | |
| Classification number | F800 |
| Item number | .G83 |
| 100 1# - MAIN ENTRY--PERSONAL NAME | |
| Personal name | Gregg, Josiah, |
| Dates associated with a name | 1806-1850. |
| 245 10 - TITLE STATEMENT | |
| Title | Commerce of the Prairies; |
| Remainder of title | or, The journal of a Santa Fe trader, during eight expeditions across the great western prairies, and a residence of nearly nine years in northern Mexico. |
| Statement of responsibility, etc. | By Josiah Gregg. |
| 250 ## - EDITION STATEMENT | |
| Edition statement | 4th ed. |
| 260 ## - PUBLICATION, DISTRIBUTION, ETC. | |
| Place of publication, distribution, etc. | Philadelphia, |
| Name of publisher, distributor, etc. | J.W, Moore, |
| Date of publication, distribution, etc. | 1850. |
| 300 ## - PHYSICAL DESCRIPTION | |
| Extent | 2 v. |
| Other physical details | fronts., illus., plates, map. |
| Dimensions | 20 cm. |
| 651 #0 - SUBJECT ADDED ENTRY--GEOGRAPHIC NAME | |
| Geographic name | Southwest, New. |
| 651 #0 - SUBJECT ADDED ENTRY--GEOGRAPHIC NAME | |
| Geographic name | New Mexico. |
| 651 #0 - SUBJECT ADDED ENTRY--GEOGRAPHIC NAME | |
| Geographic name | Mexico |
| General subdivision | Description and travel. |
| 651 #0 - SUBJECT ADDED ENTRY--GEOGRAPHIC NAME | |
| Geographic name | Santa Fe National Historic Trail. |
| 650 #0 - SUBJECT ADDED ENTRY--TOPICAL TERM | |
| Topical term or geographic name entry element | Indians of North America |
| Geographic subdivision | West (U.S.) |
No items available.